00457 2200181 4500001002100000005001500021035002000036245005000056100001700106250000600123300003100129260003200160082001200192084001800204020000600222600003000228990001700258INLIS00000000000151720230302014413 a0010-03230000171 aKeberanian Ali Bin Abi Thalib /cAhmad Filyan0 aAhmad Filyan a- a32 hlm. :bilus. ;c20 cm. aSurabaya :bAulia,c[ s.a ] a297.648 a297.648 AHM k a- 4aSahabat Nabi Muhammad SAW a05029/H/2023